000 00553nam a22001817a 4500
003 BUBTL
008 170219b xxu||||| |||| 00| 0 eng d
020 _a1-85573-485-0
082 _a677.02832COH
100 _91056
_aCook, J.Gordon
245 _aHandbook Of Textile Fibres(Vol-ii) :
_bMan-Made Fibres
260 _aWoodhead Publishing Limited :
_bCambridge,
_cc2001.
300 _axxx,723 p. :
_bill. ;
_c18 cm.
650 0 _91055
_aTextile Engineering
856 _k0
_l0
_yDownload
942 _2ddc
_cBK
999 _c5424
_d5424